000 00954nam a2200289 a 4500
001 58010
003 BD-RjUL
005 20211209080558.0
008 161212s2009 enka bf 001 0 eng d
020 _a9780199215362 (hbk.)
020 _a9780199587452 (pbk.)
035 _a(BD-RjUL)58134
040 _aDLC
_cDLC
_beng
_dBD-RjUL
041 _aeng
082 0 0 _a301.01
_223
_bOXF 2009
245 0 4 _aThe Oxford handbook of analytical sociology /
_cedited by Peter Hedström and Peter Bearman.
246 3 0 _aAnalytical sociology
260 _aNew York :
_bOxford University Press,
_c2009.
300 _axxi, 772 p. :
_bill. ;
_c26 cm.
490 1 _aOxford handbooks series
504 _aIncludes bibliographical references and indexes.
650 0 _aSociology
_xPhilosophy
_vHandbooks, manuals, etc.
_9172280
700 1 _aHedström, Peter.
_9172281
700 1 _aBearman, Peter S.
_9172282
830 0 _aOxford handbooks.
_9172283
942 _2ddc
_cBK
999 _c58010
_d58010